Southville International School and Colleges
Your cart is empty.
  • Cart
  • Lists
    Public lists list_1 View all
    Your lists Log in to create your own lists
  • Log in to your account
  • Your cookies
  • Search history
Southville International School and Colleges
  • Advanced search
  • Recent comments
  • Most popular
  • Libraries

Log in to your account

Log in with GOOGLE


If you do not have an external account, but do have a local account, you can still log in:

  1. Home
  2. MARC view: Self-discipline and parent-adolescent conflict among grade 11 students of Southville International School and Colleges /
Normal view MARC view ISBD view

Self-discipline and parent-adolescent conflict among grade 11 students of Southville International School and Colleges / (Record no. 98922)

[ view plain ]
MARC details
000 -LEADER
fixed length control field 00882nam a2200217 a 4500
003 - CONTROL NUMBER IDENTIFIER
control field 0
005 - DATE AND TIME OF LATEST TRANSACTION
control field 20250206154543.0
008 - FIXED-LENGTH DATA ELEMENTS--GENERAL INFORMATION
fixed length control field 130729s19uu xx 00 eng d
050 ## - LIBRARY OF CONGRESS CALL NUMBER
Classification number PHS HQ 799.15
Item number .V164 2013
100 ## - MAIN ENTRY--PERSONAL NAME
Personal name Valerio, Alyssa Liane B.
245 ## - TITLE STATEMENT
Title Self-discipline and parent-adolescent conflict among grade 11 students of Southville International School and Colleges /
Statement of responsibility, etc Alyssa Liane B. Valerio,.
260 ## - PUBLICATION, DISTRIBUTION, ETC. (IMPRINT)
Place of publication, distribution, etc Las Piñas City, Philippines :
Name of publisher, distributor, etc Southville International School and Colleges,
Date of publication, distribution, etc 2013.
300 ## - PHYSICAL DESCRIPTION
Extent 36 pages :
Other physical details illustrations ;
Dimensions 28 cm.
504 ## - BIBLIOGRAPHY, ETC. NOTE
Bibliography, etc Includes bibliographical references.
650 ## - SUBJECT ADDED ENTRY--TOPICAL TERM
Topical term or geographic name as entry element Self-discipline in adolescence.
650 ## - SUBJECT ADDED ENTRY--TOPICAL TERM
Topical term or geographic name as entry element Parent and teenager
Form subdivision Psychological aspects.
650 ## - SUBJECT ADDED ENTRY--TOPICAL TERM
Topical term or geographic name as entry element Parent-child conflict.
650 ## - SUBJECT ADDED ENTRY--TOPICAL TERM
Topical term or geographic name as entry element Adolescence
Form subdivision Social aspects.
650 ## - SUBJECT ADDED ENTRY--TOPICAL TERM
Topical term or geographic name as entry element High school students
Form subdivision Family relationships.
942 ## - ADDED ENTRY ELEMENTS (KOHA)
Source of classification or shelving scheme Library of Congress Classification
Koha item type PASS
Holdings
Withdrawn status Lost status Source of classification or shelving scheme Damaged status Home library Current library Shelving location Date acquired Source of acquisition Total Checkouts Full call number Barcode Date last seen Price effective from Koha item type
    Library of Congress Classification   Luxembourg Library Luxembourg Library Portfolio Assessment of SISC Students Section 07/29/2013 Donation   PHS HQ 799.15 .V164 2013 P3023 11/26/2019 04/08/2014 PASS

Self-discipline and parent-adolescent conflict among grade 11 students of Southville International School and Colleges /

APA

Valerio A. L. B., . (2013). Self-discipline and parent-adolescent conflict among grade 11 students of Southville International School and Colleges. Las Piñas City, Philippines: Southville International School and Colleges.

Chicago

Valerio Alyssa Liane B, . 2013. Self-discipline and parent-adolescent conflict among grade 11 students of Southville International School and Colleges. Las Piñas City, Philippines: Southville International School and Colleges.

Harvard

Valerio A. L. B., . (2013). Self-discipline and parent-adolescent conflict among grade 11 students of Southville International School and Colleges. Las Piñas City, Philippines: Southville International School and Colleges.

MLA

Valerio Alyssa Liane B, . Self-discipline and parent-adolescent conflict among grade 11 students of Southville International School and Colleges. Las Piñas City, Philippines: Southville International School and Colleges. 2013.

  • Print
  • Cite
  • Add to your cart (remove)
  • Save record
    BIBTEX Dublin Core MARCXML MARC (non-Unicode/MARC-8) MARC (Unicode/UTF-8) MARC (Unicode/UTF-8, Standard) MODS (XML) RIS
  • More searches
    Search for this title in:
    Other Libraries (WorldCat) Other Databases (Google Scholar) Online Stores (Bookfinder.com) Open Library (openlibrary.org)

Exporting to Dublin Core...

SOUTHVILLE LIBRARY

Southville International School and Colleges Library

1281 Tropical Ave. Cor. Luxembourg St., BF Homes International, Las Pinas City

Tel. No. 8256374 / 252358 Loc. 117/146

Powered by Koha